| 000 | 00586nam a22001937a 4500 | ||
|---|---|---|---|
| 005 | 20251108172732.0 | ||
| 008 | 250721s2002 xx 000 0 ara d | ||
| 082 | 1 | 4 | _a321.9565/ظاه |
| 100 | 1 |
_aالظاهر، نعيم إبراهيم _eمؤلف |
|
| 245 | 1 | 0 | _aقضايا إجتماعية معاصرة / |
| 264 | 1 |
_aعمان : _bدار اليازوري، _c2002. |
|
| 300 | _a174ص | ||
| 650 | 1 | 7 | _aالظروف السياسية |
| 650 | 1 | 7 | _aالأردن |
| 650 | 1 | 7 | _aالتاريخ السياسي |
| 650 | 1 | 7 | _aالديموقراطية |
| 942 |
_2ddc _cBK |
||
| 999 |
_c87181 _d87181 |
||